[Event "Stay Safe Play From Home 385"]
[Site "Emanuel Lasker Arena"]
[Date "2020.08.16"]
[Round "1"]
[White "Mepe_Nika"]
[Black "Don59as"]
[Result "1-0"]
[WhiteElo "2323"]
[BlackElo "2097"]
[Annotator "NA"]
[PlyCount "83"]
[EventDate "2020.08.16"]
[EventType "swiss (blitz)"]

1. d4 {[%emt 0:00:01]} d5 {[%emt 0:00:01]} 2. Bf4 {[%emt 0:00:00]} e6 {[%emt 0:00:01]} 3. e3 {[%emt 0:00:00]} Nf6 {[%emt 0:00:00]} 4. Nf3 {[%emt 0:00:01]} Be7 {[%emt 0:00:00]} 5. Nbd2 {[%emt 0:00:02]} O-O {[%emt 0:00:00]} 6. Bd3 {[%emt 0:00:01]} Nbd7 {[%emt 0:00:00]} 7. O-O {[%emt 0:00:01]} c5 {[%emt 0:00:00]} 8. c3 {[%emt 0:00:01]} b6 {[%emt 0:00:01]} 9. Qe2 {[%emt 0:00:01]} Bb7 {[%emt 0:00:01]} 10. Ba6 {[%emt 0:00:01]} Bc6 {[%emt 0:00:02]} 11. Ne5 {[%emt 0:00:01]} Nb8 {[%emt 0:00:09]} 12. Nxc6 {[%emt 0:00:03]} Nxc6 {[%emt 0:00:02]} 13. Bb7 {[%emt 0:00:01]} Qd7 {[%emt 0:00:01]} 14. Bxa8 {[%emt 0:00:01]} Rxa8 {[%emt 0:00:00]} 15. Nf3 {[%emt 0:00:00]} Ne4 {[%emt 0:00:01]} 16. Ne5 {[%emt 0:00:01]} Nxe5 {[%emt 0:00:01]} 17. Bxe5 {[%emt 0:00:00]} f5 {[%emt 0:00:01]} 18. f3 {[%emt 0:00:01]} Nf6 {[%emt 0:00:01]} 19. Bxf6 {[%emt 0:00:01]} Bxf6 {[%emt 0:00:01]} 20. Rad1 {[%emt 0:00:01]} e5 {[%emt 0:00:01]} 21. dxe5 {[%emt 0:00:01]} Bxe5 {[%emt 0:00:01]} 22. Qd3 {[%emt 0:00:01]} Rd8 {[%emt 0:00:02]} 23. e4 {[%emt 0:00:01]} fxe4 {[%emt 0:00:01]} 24. fxe4 {[%emt 0:00:01]} d4 {[%emt 0:00:00]} 25. Rf5 {[%emt 0:00:02]} Qe6 {[%emt 0:00:01]} 26. cxd4 {[%emt 0:00:02]} Rxd4 {[%emt 0:00:03]} 27. Qf1 {[%emt 0:00:02]} h6 {[%emt 0:00:07]} 28. Rxd4 {[%emt 0:00:04]} Bxd4+ {[%emt 0:00:00]} 29. Kh1 {[%emt 0:00:00]} Qxa2 {[%emt 0:00:01]} 30. Rf8+ {[%emt 0:00:02]} Kh7 {[%emt 0:00:04]} 31. Qf5+ {[%emt 0:00:04]} g6 {[%emt 0:00:00]} 32. Qd7+ {[%emt 0:00:05]} Bg7 {[%emt 0:00:01]} 33. h3 {[%emt 0:00:07]} Qxb2 {[%emt 0:00:01]} 34. Rf1 {[%emt 0:00:03]} a5 {[%emt 0:00:03]} 35. Qe6 {[%emt 0:00:02]} a4 {[%emt 0:00:02]} 36. Qd5 {[%emt 0:00:01]} a3 {[%emt 0:00:01]} 37. e5 {[%emt 0:00:00]} a2 {[%emt 0:00:01]} 38. e6 {[%emt 0:00:01]} a1=Q {[%emt 0:00:02]} 39. Rxa1 {[%emt 0:00:00]} Qxa1+ {[%emt 0:00:00]} 40. Kh2 {[%emt 0:00:00]} Be5+ {[%emt 0:00:02]} 41. g3 {[%emt 0:00:01]} Qb2+ {[%emt 0:00:01]} 42. Qg2 {[%emt 0:00:01] Time Time Time (Lag: Av=0.64s, max=1.2s) (Lag: Av=0.64s, max=1.2s) (Lag: Av=0.64s, max=1.2s)} 1-0

[Event "Stay Safe Play From Home 385"]
[Site "Emanuel Lasker Arena"]
[Date "2020.08.16"]
[Round "1"]
[White "Hickey"]
[Black "Gibiz144"]
[Result "1-0"]
[WhiteElo "2156"]
[BlackElo "1650"]
[Annotator "NA"]
[PlyCount "71"]
[EventDate "2020.08.16"]
[EventType "swiss (blitz)"]

1. Nf3 {[%emt 0:00:02]} e6 {[%emt 0:00:00]} 2. g3 {[%emt 0:00:00]} b6 {[%emt 0:00:00]} 3. Bg2 {[%emt 0:00:00]} Bb7 {[%emt 0:00:01]} 4. O-O {[%emt 0:00:00]} d6 {[%emt 0:00:00]} 5. b3 {[%emt 0:00:00]} Ne7 {[%emt 0:00:01]} 6. Bb2 {[%emt 0:00:00]} Nd7 {[%emt 0:00:02]} 7. c4 {[%emt 0:00:00]} h6 {[%emt 0:00:01]} 8. Nc3 {[%emt 0:00:00]} a6 {[%emt 0:00:01]} 9. d4 {[%emt 0:00:01]} Nc6 {[%emt 0:00:02]} 10. Rc1 {[%emt 0:00:04]} g6 {[%emt 0:00:01]} 11. e4 {[%emt 0:00:01]} Bg7 {[%emt 0:00:01]} 12. d5 {[%emt 0:00:01]} Nce5 {[%emt 0:00:01]} 13. Nxe5 {[%emt 0:00:02]} Nxe5 {[%emt 0:00:01]} 14. f4 {[%emt 0:00:01]} Nd7 {[%emt 0:00:01]} 15. Re1 {[%emt 0:00:02]} O-O {[%emt 0:00:01]} 16. dxe6 {[%emt 0:00:03]} fxe6 {[%emt 0:00:01]} 17. Qc2 {[%emt 0:00:00]} Re8 {[%emt 0:00:03]} 18. Rcd1 {[%emt 0:00:01]} Qe7 {[%emt 0:00:02]} 19. h3 {[%emt 0:00:02]} Rad8 {[%emt 0:00:05]} 20. Kh2 {[%emt 0:00:00]} Nc5 {[%emt 0:00:02]} 21. b4 {[%emt 0:00:04]} Nd7 {[%emt 0:00:01]} 22. a3 {[%emt 0:00:02]} Qf7 {[%emt 0:00:03]} 23. f5 {[%emt 0:00:03]} exf5 {[%emt 0:00:02]} 24. exf5 {[%emt 0:00:00]} Rxe1 {[%emt 0:00:01]} 25. Rxe1 {[%emt 0:00:04]} Bxg2 {[%emt 0:00:05]} 26. Kxg2 {[%emt 0:00:00]} gxf5 {[%emt 0:00:02]} 27. Nd5 {[%emt 0:00:02]} Ne5 {[%emt 0:00:02]} 28. Rf1 {[%emt 0:00:04]} Qd7 {[%emt 0:00:03]} 29. Rxf5 {[%emt 0:00:03]} Qc6 {[%emt 0:00:03]} 30. Rf4 {[%emt 0:00:05]} Rf8 {[%emt 0:00:03]} 31. Rxf8+ {[%emt 0:00:02]} Kxf8 {[%emt 0:00:01]} 32. Bxe5 {[%emt 0:00:01]} Bxe5 {[%emt 0:00:01]} 33. Qf5+ {[%emt 0:00:00]} Ke8 {[%emt 0:00:02]} 34. Qe6+ {[%emt 0:00:01]} Kd8 {[%emt 0:00:01]} 35. Qg8+ {[%emt 0:00:01]} Kd7 {[%emt 0:00:01]} 36. Qf7+ {[%emt 0:00:01] Zeit Zeit Zeit (Lag: Av=0.59s, max=0.7s) (Lag: Av=0.59s, max=0.7s) (Lag: Av=0.59s, max=0.7s)} 1-0

[Event "Stay Safe Play From Home 385"]
[Site "Emanuel Lasker Arena"]
[Date "2020.08.16"]
[Round "1"]
[White "SelamiSahin"]
[Black "Tran Minh Thang"]
[Result "0-1"]
[WhiteElo "2121"]
[BlackElo "2475"]
[Annotator "TA"]
[PlyCount "42"]
[EventDate "2020.08.16"]
[EventType "swiss (blitz)"]

{[%evp 16,42,0,-6,24,-14,2,-44,-52,-53,-32,-103,-95,-275,-270,-439,-372,-485,-504,-490,-472,-605,-611,-609,-599,-607,-594,-798,-804]} 1. d3 Nf6 2. Nf3 e6 3. g3 Be7 4. Bg2 b6 5. c4 Bb7 6. O-O O-O 7. b3 d5 8. Bb2 c5 9. cxd5 exd5 {A14: English Opening: 1...e6 with b3 by White.} 10. Nbd2 d4 {[#]} 11. Nh4 $146 ({Predecessor:} 11. Qc2 Nc6 12. a3 Nd5 13. h4 f5 14. Nh2 Kh8 15. Rae1 f4 16. Ne4 fxg3 17. fxg3 {0-1 (40) Farell Duran,J (1870)-Munoz Munoz,T (2044) Sabadell 2015}) 11... Bxg2 {Black is slightly better.} 12. Nxg2 Nd5 13. Ne4 (13. e4 $15 Nc3 14. Qc2) 13... Nc6 $17 14. Qd2 $2 {[#]} (14. a3 $17 {is a better defense.}) 14... f5 $19 15. Nf4 $2 (15. Rad1) 15... fxe4 16. dxe4 Nxf4 {Black is clearly winning.} 17. gxf4 Qd6 18. e5 Qg6+ 19. Kh1 Qe4+ 20. f3 Qxf4 21. Qd3 Nxe5 {White got outplayed after the opening. Accuracy: White = 10%, Black = 89%.} 0-1

[Event "Stay Safe Play From Home 385"]
[Site "Emanuel Lasker Arena"]
[Date "2020.08.16"]
[Round "1"]
[White "Lazieri3"]
[Black "Roefe Detlef"]
[Result "1-0"]
[WhiteElo "2093"]
[BlackElo "1665"]
[Annotator "TA"]
[PlyCount "47"]
[EventDate "2020.08.16"]
[EventType "swiss (blitz)"]

{[%evp 9,47,-12,7,-10,29,24,29,15,35,34,60,0,0,-3,24,14,17,-51,-30,-33,-30,-380,-371,-382,-276,-288,-94,-89,-45,-153,129,-469,-492,-465,-370,-2193,-331,-702,-212,-204]} 1. e4 d5 2. Nc3 d4 3. Nce2 Nc6 4. d3 e6 5. g3 Bc5 6. Bg2 {A00: Irregular Openings.} Nge7 7. f4 {[#]} O-O $146 ({Predecessor:} 7... Bd7 8. Nf3 O-O 9. O-O a6 10. h3 Ba7 11. Kh2 Ng6 12. c3 dxc3 13. bxc3 f5 14. exf5 Rxf5 {1-0 (34) Roefe,D (1712)-Gremmer,D (1538) Playchess.com INT 2020}) 8. Nf3 {White has an edge.} b6 9. O-O Bb7 10. e5 (10. Bd2 $14) 10... Nd5 $11 11. Ng5 h6 12. Ne4 Be7 13. f5 (13. a3 $11) 13... exf5 (13... Nxe5 {keeps more tension.} 14. Nxd4 c5 15. f6 gxf6 16. Nf3 Ng4) 14. Rxf5 g6 (14... Qc8 {is interesting.} 15. Bh3 Qe6 16. Rh5 Qg6 17. Nf4 Nxf4 18. Bxf4 Bc8) 15. Bxh6 $2 {[%mdl 8192]} (15. Rf1 $11 {and White stays safe.}) 15... gxf5 $19 16. Bxf8 fxe4 ({Don't take} 16... Kxf8 17. Nf4 $19) ({But not} 16... Qxf8 17. Nf6+ Nxf6 18. exf6 $19) 17. Bxe7 Ndxe7 $2 (17... Qxe7 $19 {is more deadly.} 18. Bxe4 Qxe5) 18. Bxe4 $17 Ng6 {Hoping for ...Qg5.} 19. Nf4 {[#]} ({White should try} 19. e6 $15 Qg5 20. Qc1 Qxc1+ 21. Rxc1) 19... Ncxe5 $2 (19... Qg5 $1 $17 {stays on course.} 20. Qf1 Ngxe5) 20. Nh5 $2 {[%mdl 8192]} (20. Bxb7 $16 {and life is bright. Black must now prevent Nxg6.} Rb8 21. Nxg6 fxg6 22. Qe2) 20... Bxe4 $19 21. dxe4 Qe7 22. Qxd4 $2 (22. Qe2) 22... Rd8 $2 (22... Nf3+ 23. Kh1 Nxd4) 23. Qf2 $2 {[#]} (23. Qe3) 23... c5 $2 (23... Rd2 $1 {[%mdl 512]} 24. Qf5 (24. Qxd2 Nf3+) 24... Qc5+ 25. Kh1 Kf8) 24. Nf6+ {[%mdl 32768] Accuracy: White = 31%, Black = 36%. . Loss on time!?} 1-0

[Event "Stay Safe Play From Home 385"]
[Site "Emanuel Lasker Arena"]
[Date "2020.08.16"]
[Round "1"]
[White "Stefanone"]
[Black "Gattopardo"]
[Result "1-0"]
[WhiteElo "1967"]
[BlackElo "1120"]
[Annotator "NA"]
[PlyCount "53"]
[EventDate "2020.08.16"]
[EventType "swiss (blitz)"]

1. d4 {[%emt 0:00:01]} d5 {[%emt 0:00:03]} 2. Nf3 {[%emt 0:00:00]} e6 {[%emt 0:00:03]} 3. Bf4 {[%emt 0:00:00]} f6 {[%emt 0:00:03]} 4. e3 {[%emt 0:00:00]} Nc6 {[%emt 0:00:01]} 5. c4 {[%emt 0:00:01]} f5 {[%emt 0:00:04]} 6. cxd5 {[%emt 0:00:01]} exd5 {[%emt 0:00:02]} 7. Nc3 {[%emt 0:00:00]} Nf6 {[%emt 0:00:02]} 8. Bd3 {[%emt 0:00:01]} Bd6 {[%emt 0:00:02]} 9. Bg3 {[%emt 0:00:02]} Bxg3 {[%emt 0:00:02]} 10. hxg3 {[%emt 0:00:00]} Ne4 {[%emt 0:00:01]} 11. O-O {[%emt 0:00:01]} Ne7 {[%emt 0:00:03]} 12. Nd2 {[%emt 0:00:01]} Be6 {[%emt 0:00:01]} 13. Bxe4 {[%emt 0:00:01]} fxe4 {[%emt 0:00:03]} 14. Qb3 {[%emt 0:00:01]} O-O {[%emt 0:00:02]} 15. Rae1 {[%emt 0:00:01]} Ng6 {[%emt 0:00:02]} 16. f3 {[%emt 0:00:01]} Nh4 {[%emt 0:00:03]} 17. gxh4 {[%emt 0:00:01]} Qxh4 {[%emt 0:00:01]} 18. Qd1 {[%emt 0:00:03]} exf3 {[%emt 0:00:01]} 19. Nxf3 {[%emt 0:00:01]} Qe7 {[%emt 0:00:06]} 20. Qe2 {[%emt 0:00:01]} Bg4 {[%emt 0:00:02]} 21. Qf2 {[%emt 0:00:01]} Bxf3 {[%emt 0:00:05]} 22. gxf3 {[%emt 0:00:01]} Qg5+ {[%emt 0:00:02]} 23. Qg2 {[%emt 0:00:00]} Qxg2+ {[%emt 0:00:02]} 24. Kxg2 {[%emt 0:00:01]} g6 {[%emt 0:00:01]} 25. Nxd5 {[%emt 0:00:01]} c6 {[%emt 0:00:01]} 26. Nf4 {[%emt 0:00:01]} Kg7 {[%emt 0:00:02]} 27. Ne6+ {[%emt 0:00:01] TimeB TimeB TimeB} 1-0

[Event "Stay Safe Play From Home 385"]
[Site "Emanuel Lasker Arena"]
[Date "2020.08.16"]
[Round "1"]
[White "Grizzzly"]
[Black "MihailoVujic"]
[Result "0-1"]
[WhiteElo "1849"]
[BlackElo "2250"]
[Annotator "TA"]
[PlyCount "102"]
[EventDate "2020.08.16"]
[EventType "swiss (blitz)"]

{[%evp 19,102,37,40,-47,-45,-44,-45,-59,-25,-26,-34,-34,-28,-45,-34,-90,-34,-66,-12,-17,-28,-97,-90,-144,-136,-136,-108,-101,-9,-8,-8,-13,52,34,107,45,75,0,237,106,93,0,0,0,87,0,0,0,0,-45,0,0,0,0,0,0,0,-126,0,-358,-193,-470,-440,-300,0,-12839,-12839,-12837,-1837,-12845,-12841,-12841,-12842,-12842,-5808,-12845,-182,-118,-109,-12850,-12850,-12850,-27999,-12851,-27999]} 1. d4 d5 2. c4 e5 3. Nc3 dxc4 4. e3 exd4 5. exd4 Nf6 6. Bxc4 Bd6 7. Nf3 O-O 8. O-O Bg4 9. Bg5 Nc6 10. Nd5 Be7 11. Bxf6 {D20: Queen's Gambit Accepted: 3 e3 and 3 e4.} (11. Nxe7+ $14 Qxe7 12. h3) 11... Bxf6 $15 12. Nxf6+ Qxf6 13. d5 {[#] Black is slightly better.} Bxf3 $146 ({Predecessor:} 13... Ne5 14. Be2 Qf5 15. Nxe5 Qxe5 16. Bxg4 Rad8 17. Bf3 Rd6 18. Qb3 b6 {1-0 (28) Julien Casteleiro,A (1644)-Gimenez Aleman,S Las Palmas 2014}) 14. Qxf3 Qxf3 15. gxf3 Ne5 $36 {[%mdl 2048] Black has good play.} 16. Be2 Rad8 17. Rad1 (17. Rac1 $15) 17... Rd6 (17... g5 $17) 18. Rfe1 Rfd8 (18... g5 $15) 19. f4 $11 Ng6 20. f5 (20. Rc1 $11) 20... Nf4 21. Kf1 (21. Bf3 $142) 21... Nxd5 $17 22. Bf3 {Hoping for Rxd5.} c6 23. Bxd5 Rxd5 (23... cxd5 $17 24. b3 Kf8) 24. Rxd5 $11 cxd5 $17 {[%mdl 4096] Endgame KR-KR} 25. Re7 Kf8 ({Black should play} 25... Rb8 $11) 26. Rxb7 $14 d4 (26... a6 $14) 27. Ke2 (27. Rxa7 $16 d3 28. Ke1) 27... Rd5 28. Rxa7 (28. f6 $1 $16 {White wants to mate with Rb8+.} gxf6 29. Rxa7) 28... Rxf5 $2 (28... d3+ $1 $11 {and Black is okay.} 29. Kd1 Rxf5) 29. Rd7 (29. a4 $18 {is more deadly.}) 29... Rf4 $16 30. f3 (30. b3 $16) 30... Ke8 31. Rd5 Ke7 (31... Rh4 $11 {keeps the balance.}) 32. Kd3 ({White should try} 32. Re5+ $16 Kf8 33. Re4 d3+ 34. Ke3 (34. Kxd3 Rxf3+ 35. Re3 Rf2 $14)) 32... Rxf3+ $11 33. Kxd4 Rf2 34. Re5+ Kd6 35. Rh5 $1 h6 36. Kc3 $1 f5 37. Rh3 Ke5 38. Rd3 (38. a4 $11) 38... f4 (38... Rxh2 $17 {Strongly threatening ...f4.} 39. a4 Rh1) 39. Rd8 $2 {[%mdl 8192]} (39. a4 $11) 39... g5 (39... Rxh2 $142 40. a4 Rh1 41. Re8+ Kd5) 40. Re8+ $2 {[#]} (40. Rd2 {was the only defense.} Rf3+ 41. Kc2) 40... Kf5 $1 $19 41. Rf8+ {[#]} Kg4 $2 ({Better is} 41... Ke4 $1 $19 42. b4 Rxa2) 42. Rh8 $2 {[%mdl 8192]} (42. a4 $11) 42... Rxh2 43. Rg8 f3 44. Kd4 f2 45. Rf8 Kg3 46. Ke3 Rg2 (46... g4 $142 47. b4 Rh5) 47. Rf3+ Kg4 $2 (47... Kh2 48. b4 Kg1) 48. Rxf2 Rg1 49. Rg2+ $2 {[%mdl 8192]} (49. b4 $17 Rb1 50. a3) 49... Rxg2 50. Kd4 Rxb2 51. Kc5 Rxa2 {Never resign too early! Accuracy: White = 31%, Black = 49%.} 0-1

[Event "Stay Safe Play From Home 385"]
[Site "Emanuel Lasker Arena"]
[Date "2020.08.16"]
[Round "1"]
[White "Dreamsoldier"]
[Black "Rogan"]
[Result "0-1"]
[WhiteElo "1251"]
[BlackElo "2233"]
[Annotator "TA"]
[PlyCount "34"]
[EventDate "2020.08.16"]
[EventType "swiss (blitz)"]

{[%evp 9,34,7,15,1,14,10,21,-13,-10,-34,-33,-79,-77,-182,-180,-740,-172,-627,-605,-636,-611,-612,-610,-714,-697,-2135,-2121]} 1. d4 d5 2. e3 c6 3. Nf3 Nf6 4. Bd3 Bg4 5. O-O Nbd7 {[%cal Bb8d7,Bd7e5,Be5f3][%mdl 32]} 6. Be2 {D04: Colle System.} Bxf3 7. Bxf3 e5 8. dxe5 {The position is equal.} Nxe5 {[#]} 9. Bd2 $146 ({Predecessor:} 9. b3 Bd6 10. Bb2 Qc7 11. Be2 O-O 12. Nd2 Rfe8 13. h3 Ne4 14. Nxe4 dxe4 15. c4 {1-0 (45) Marchuk,R (1864)-Shastitko,D (1976) Novokuznetsk 2014}) 9... Bd6 10. Nc3 Qc7 11. Ne2 (11. g3 $17 {might work better.}) 11... Nxf3+ $19 12. Kh1 $2 {[#]} (12. gxf3 Bxh2+ 13. Kg2) 12... Bxh2 $2 (12... Nxh2 13. Bc3 Ne4) 13. Nf4 $2 (13. gxf3 Be5 14. Bc3) 13... Nxd2 {Black is clearly winning.} 14. Qxd2 Bxf4 15. exf4 O-O 16. f5 Ne4 17. Qf4 Qxf4 {White did not feel at home in the position after the opening.} 0-1

[Event "Stay Safe Play From Home 385"]
[Site "Emanuel Lasker Arena"]
[Date "2020.08.16"]
[Round "2"]
[White "Tran Minh Thang"]
[Black "Hickey"]
[Result "1-0"]
[WhiteElo "2479"]
[BlackElo "2158"]
[Annotator "TA"]
[PlyCount "49"]
[EventDate "2020.08.16"]
[EventType "swiss (blitz)"]

{[%evp 9,48,8,8,-6,5,-13,-9,-14,-11,-73,-64,-82,-102,-138,6,7,0,-168,-152,-149,-137,-170,-168,-159,-170,-587,-567,-847,-419,-433,-418,-414,-400,-472,130,105,545,528,29998,29999,29999]} 1. b3 Nf6 2. Bb2 e6 3. Nf3 d5 4. e3 b6 5. c4 Bb7 6. Qc2 {A13: English Opening: 1...e6.} Be7 7. Be2 O-O {[#]} 8. Ng5 $146 {Threatens to win with Bxf6.The position is equal.} ({Predecessor:} 8. g4 c5 9. g5 Ne4 10. Rg1 Nc6 11. a3 Rc8 12. d3 Nd6 13. Nbd2 Nf5 14. h4 dxc4 15. bxc4 {1-0 (43) Martirosyan,H (2622)-Ponikarovsky,A (1939) chess.com INT 2020}) 8... Nbd7 9. h4 (9. O-O $11 {keeps the balance.}) 9... c5 $17 10. Bd3 {[%cal Rd3h7]} h6 11. Nc3 Ne5 (11... d4 $17 12. Nce4 Ng4) 12. Nxd5 $11 Nxd5 ({But not} 12... Nxd3+ $6 13. Qxd3 Bxd5 14. Bxf6 $16) 13. Bxe5 $2 (13. Bh7+ $11 {and White is okay.} Kh8 14. cxd5 Bxg5 15. hxg5 Qxg5 16. O-O-O) 13... Nb4 $1 $36 {[%cal Rb4c2][%mdl 2112] Double Attack. Keeping White busy.} 14. Bh7+ Kh8 15. Qb1 Bxg5 ({Much worse is} 15... Bxg2 $6 16. Rh2 $15) 16. hxg5 Qxg5 {[%mdl 64] Double Attack} 17. Bc3 $2 (17. Be4 Qxe5 18. Bxb7) 17... f5 18. a3 Nc6 ({Less strong is} 18... Kxh7 19. axb4 Qxg2 20. Rf1 $19) (18... Qxg2 $142 19. d3 Qxh1+ 20. Kd2 Qxb1 21. Rxb1 Nxd3) 19. Qc2 Kxh7 20. O-O-O Rad8 21. g4 {[#]} Qxg4 $2 ({Better is} 21... Nd4 $1 $19 22. exd4 Bxh1 23. Rxh1 cxd4) 22. Rdg1 {[#]} Nd4 $2 {[%mdl 8192]} (22... Rd4 $1 $16 {is more resistant.}) 23. Rxg4 $18 Nxc2 24. Rxg7+ {[%mdl 64] Double Attack} Kh8 25. Rxh6# {Never resign too early! Accuracy: White = 52%, Black = 57%.} 1-0

[Event "Stay Safe Play From Home 385"]
[Site "Emanuel Lasker Arena"]
[Date "2020.08.16"]
[Round "2"]
[White "MihailoVujic"]
[Black "Mepe_Nika"]
[Result "1-0"]
[WhiteElo "2253"]
[BlackElo "2330"]
[Annotator "TA"]
[PlyCount "67"]
[EventDate "2020.08.16"]
[EventType "swiss (blitz)"]

{[%evp 11,67,28,29,32,107,113,111,0,62,68,66,11,9,-49,16,-61,-23,-24,7,0,0,-6,433,428,577,452,844,750,752,741,721,723,1480,746,886,195,693,200,262,232,1216,740,650,650,29980,29981,29981,29982,29987,29988,29988,1039,29989,1440,29979,4387,29988,1467]} 1. e4 c6 2. d4 d5 3. f3 dxe4 4. fxe4 e5 5. Nf3 Bg4 6. Bc4 Nd7 7. c3 {B12: Caro-Kann: Advance Variation.} Ngf6 (7... Bh5 $14) 8. Qb3 $16 Bh5 {[#]} 9. Qxb7 $146 (9. Ng5 $1 $16 {[%cal Rc4f7]} Qe7 10. Qxb7) ({Predecessor:} 9. Ng5 Qe7 10. Qxb7 Rb8 11. Qxc6 exd4 12. cxd4 Qb4+ 13. Nc3 h6 14. Nf3 Bc5 15. Qa6 Bxf3 {1-0 (45) Vega Gutierrez,S (2368)-Tjoelsen,K (2259) Khanty-Mansiysk 2010}) 9... Rc8 ({Black should play} 9... Rb8 $11 10. Qxc6 (10. Qxa7 Nxe4 11. Nbd2 Nd6 $11) 10... exd4) 10. O-O $14 (10. dxe5 $2 Nxe4 11. O-O Ndc5 $19) 10... Bd6 11. dxe5 (11. Bg5 $14) 11... Bxe5 12. Bg5 (12. Qxa7 $11 O-O 13. Nxe5 Nxe5 14. Bb3) 12... O-O (12... Bxf3 $15 13. Rxf3 Rb8 14. Bxf6 (14. Qxa7 Bc7 $11) (14. Qxc6 Rb6 $11) 14... Bxf6 15. Qxc6 Rb6) 13. Na3 ({Better is} 13. Nbd2 $11) 13... Rb8 (13... Bxf3 {feels hotter.} 14. Rxf3 Bd6 15. Bb3 Rb8 16. Qxc6 Ne5) 14. Qxa7 Rxb2 {...Bb8 is the strong threat.} 15. Bxf6 Bxf6 16. Rad1 $36 {[%mdl 2048] Black is under pressure.} Bxc3 $2 {[%mdl 8192] This move loses the game for Black.} (16... Qb6+ $11 17. Qxb6 Nxb6) 17. Rxd7 $18 Qf6 18. Ne1 Qg6 (18... Qe5 $142 19. Bxf7+ (19. Nd3 Rxg2+ 20. Kxg2 Qxe4+ 21. Kg1 Qg4+ 22. Kh1 Qe4+ 23. Kg1 Qg4+ 24. Kh1 Qe4+ 25. Kg1 $11) 19... Bxf7) 19. Bxf7+ Qxf7 20. Rdxf7 Bxf7 21. Nd3 h6 22. h3 Rxa2 23. Qc7 $2 (23. Qc5 Bd4+ 24. Qxd4 Rxa3 25. Ne5) 23... Rd2 $2 (23... Rxa3 24. Kh2 (24. Qxc6 Bd4+ {[%mdl 64] Discovered Attack} 25. Nf2 Ra2 $11) 24... Raa8) 24. Qxc6 $2 (24. Rf3) 24... Bd4+ {[#]} 25. Kh1 $1 ({Resist} 25. Nf2 $6 Rxf2 26. Rxf2 Bxf2+ 27. Kh2 h5 $18) 25... Kh8 $2 (25... Rxd3 26. Qa6 Rb3) 26. Rxf7 {[%mdl 64] Decoy} Rxf7 27. Qe8+ Rf8 28. Qxf8+ Kh7 29. Qf5+ Kg8 30. Qd5+ {[%mdl 64] Double Attack} Kh8 31. Kh2 (31. Qxd4 $142 Rd1+ 32. Kh2 h5 33. e5 Rf1 34. Qd8+ Kh7 35. e6 Rf6 36. e7) 31... Rd1 32. Kg3 (32. Qxd4 $142 Rf1 33. Qd8+ Kh7 34. e5 g5 35. e6 g4 36. Qd7+ Kg8 37. e7) 32... Kh7 33. Kg4 (33. Qxd4 $142 h5 34. Qd5 Rd2 35. Qxh5+ Kg8 36. Ne5 Rd6 37. Qf7+ Kh7 38. Qf5+ Kg8 39. Ng6) 33... Kh8 34. Qf5 {Accuracy: White = 54%, Black = 19%.} (34. Qxd4 $142 h5+ 35. Kxh5 Kh7 36. e5 Rd2 37. Qe4+ Kg8 38. e6 Kf8 39. Qf5+ Kg8 40. e7) 1-0

[Event "Stay Safe Play From Home 385"]
[Site "Emanuel Lasker Arena"]
[Date "2020.08.16"]
[Round "2"]
[White "Rogan"]
[Black "Lazieri3"]
[Result "1/2-1/2"]
[WhiteElo "2233"]
[BlackElo "2096"]
[Annotator "TA"]
[PlyCount "81"]
[EventDate "2020.08.16"]
[EventType "swiss (blitz)"]

{[%evp 9,81,-11,1,0,0,-6,16,17,22,22,29,2,28,8,27,-9,48,28,42,19,8,0,52,27,57,29,33,18,32,0,20,30,27,0,0,0,17,14,24,8,15,0,0,0,0,0,19,20,1909,1912,1912,1768,1923,1597,1932,1822,1493,0,0,0,0,0,0,0,0,0,0,0,0,0,0,0,0,0]} 1. d4 c6 2. c3 d5 3. Nf3 Nf6 4. Bg5 Bf5 5. e3 e6 6. Qb3 {D02: 1 d4 d5 2 Nf3 sidelines, including 2...Nf6 3 g3 and 2...Nf6 3 Bf4.} Qb6 7. Nbd2 {[%cal Bb1d2,Bd2b3,Bb3c5][%mdl 32]} Qxb3 (7... Nbd7 {with more complications.} 8. Nh4 h6 9. Bxf6 Nxf6 10. Nxf5 exf5 11. Be2 Bd6) 8. axb3 Nbd7 {[#]} 9. b4 $146 ({Predecessor:} 9. Be2 Bd6 10. O-O e5 11. dxe5 Nxe5 12. Bxf6 gxf6 13. Nd4 Bd7 14. e4 Rg8 15. Rfe1 dxe4 16. Nxe4 {1-0 (79) Anatskiy,A-Dovzhenko,A (1992) Kiev 2007}) 9... Be7 10. Be2 a6 11. O-O Rc8 12. Nb3 Ne4 (12... h6 $11 13. Bxf6 Bxf6) 13. Bxe7 $1 $14 Kxe7 14. Nc5 Ndxc5 15. bxc5 Rhd8 ({Better is} 15... g5 $11) 16. Rfd1 (16. Ne5 {looks sharper.} f6 17. Nd3 h5 18. f3 Ng5 19. h4) 16... h6 17. Nd2 Nxd2 18. Rxd2 f6 19. f4 e5 20. fxe5 fxe5 21. Bd3 Bxd3 22. Rxd3 exd4 23. exd4 $11 {[%mdl 4096] Endgame KRR-KRR} Kd7 24. Rf3 {[#] And now Rf7+ would win.} Rf8 25. Raf1 Rxf3 26. Rxf3 {aiming for Rf7+. KR-KR} Re8 27. Kf2 Ke7 28. Ke3 Rf8 $2 {[%mdl 8192]} (28... a5 $11) 29. Rxf8 $18 Kxf8 {[#] KP-KP} 30. Kf4 $1 {[%cal Rf4f5]} Kf7 31. Ke5 Ke7 32. g4 a5 33. h4 $2 (33. b3 $18 Kd7 34. Kf5) 33... a4 $11 {The position is equal.} 34. g5 hxg5 35. hxg5 Kd7 (35... g6 $5 36. Kf4 $8 Kf7 $11) 36. Kf5 {Hoping for Kg6.} Ke7 37. g6 Kd7 38. Ke5 Ke7 39. Kf5 Kd7 40. Ke5 Ke7 41. Kf5 {Black defended with fortune. Accuracy: White = 76%, Black = 73%.} 1/2-1/2